[Event "Santo Domingo op 08"]
[Site "Santo Domingo"]
[Date "2019.08.13"]
[Round "3"]
[White "Puntier Andujar, Fausto Jiovanny"]
[Black "Paredes Ventura, Angel Luis"]
[Result "1-0"]
[WhiteElo "2094"]
[BlackElo "1679"]
[PlyCount "47"]
[EventDate "2019.08.12"]
[EventType "swiss"]
[EventRounds "8"]
[EventCountry "DOM"]
[SourceTitle "EXT 2020"]
[Source "ChessBase"]
[SourceDate "2019.10.17"]
[SourceVersion "1"]
[SourceVersionDate "2019.10.17"]
[SourceQuality "1"]

1. e4 e5 2. Nf3 Nc6 3. Bb5 Bc5 4. 0-0 Nge7 5. Nxe5 Nxe5 6. d4 Bb6 7. dxe5 Ng6 8. Kh1 Nxe5 9. f4 Ng6 10. f5 Ne5 11. Bf4 Qf6 12. Qd5 Ng4 13. Nc3 c6 14. Qd1 Nf2+ 15. Rxf2 Bxf2 16. Bd3 Bd4 17. Qg4 0-0 18. e5 Bxe5 19. Ne4 Qe7 20. f6 Bxf6 21. Qf5 g6 22. Nxf6+ Kg7 23. Qg5 Kh8 24. Qh6 1-0

[Event "Santo Domingo Provincial-ch"]
[Site "Santo Domingo"]
[Date "2018.12.01"]
[Round "6"]
[White "Paredes Ventura, Angel Luis"]
[Black "Crispin Ferreras, Darvi Abraham"]
[Result "0-1"]
[WhiteElo "1642"]
[BlackElo "2173"]
[PlyCount "88"]
[EventDate "2018.11.23"]
[EventType "swiss"]
[EventRounds "7"]
[EventCountry "DOM"]
[SourceTitle "CBM 187 Extra"]
[Source "ChessBase"]
[SourceDate "2018.11.04"]
[SourceVersion "1"]
[SourceVersionDate "2018.11.04"]
[SourceQuality "1"]

1. d4 Nf6 2. Nf3 d5 3. Nc3 e6 4. Bg5 Be7 5. e3 0-0 6. Bd3 Nbd7 7. 0-0 c5 8. Re1 b6 9. h3 Bb7 10. a3 Ne4 11. Bxe7 Qxe7 12. Bxe4 dxe4 13. Nd2 f5 14. dxc5 Nxc5 15. Qe2 Rf6 16. b4 Nd7 17. Nc4 Rg6 18. Rad1 Nf6 19. Nd6 Nd5 20. Nxf5 Qg5 21. Qg4 Nxc3 22. Qxg5 Rxg5 23. Ne7+ Kf8 24. Rd7 Re8 25. Rxb7 Rxe7 26. Rb8+ Kf7 27. Rc8 Nb5 28. a4 Nd6 29. Rd8 Rd5 30. Re2 Rc7 31. Kh2 Nc4 32. Rxd5 exd5 33. Kg3 Kf6 34. Kf4 g5+ 35. Kg4 Kg6 36. h4 h5+ 37. Kh3 g4+ 38. Kg3 Kf5 39. f3 gxf3 40. gxf3 exf3 41. Kxf3 Ne5+ 42. Kg3 Ke4 43. Rf2 Rf7 44. Rf4+ Kxe3 0-1

[Event "Santo Domingo Provincial-ch"]
[Site "Santo Domingo"]
[Date "2018.12.01"]
[Round "5"]
[White "Paredes Ventura, Angel Luis"]
[Black "Nova Ramirez, Presley Eury"]
[Result "1-0"]
[WhiteElo "1642"]
[BlackElo "1775"]
[PlyCount "67"]
[EventDate "2018.11.23"]
[EventType "swiss"]
[EventRounds "7"]
[EventCountry "DOM"]
[SourceTitle "CBM 187 Extra"]
[Source "ChessBase"]
[SourceDate "2018.11.04"]
[SourceVersion "1"]
[SourceVersionDate "2018.11.04"]
[SourceQuality "1"]

1. e4 d6 2. Bc4 Nf6 3. Nc3 e5 4. Nge2 Be7 5. d4 0-0 6. dxe5 dxe5 7. 0-0 Nc6 8. Be3 Bg4 9. f3 Bh5 10. Nd5 a6 11. Nxe7+ Qxe7 12. Qe1 Rad8 13. Qf2 Nd7 14. Ng3 Bg6 15. a3 Rfe8 16. Rad1 Ncb8 17. Ne2 Kh8 18. Nc3 c6 19. Bb3 f5 20. exf5 Bxf5 21. Ne4 Bxe4 22. fxe4 Rf8 23. Qg3 Rxf1+ 24. Rxf1 Nf6 25. Qh4 Nbd7 26. g4 Nc5 27. g5 Nfxe4 28. Rf7 Qd6 29. g6 Qxg6+ 30. Kf1 Re8 31. Qe7 h5 32. Rf8+ Rxf8+ 33. Qxf8+ Kh7 34. Qg8# 1-0

[Event "DOM-ch U20"]
[Site "Santo Domingo"]
[Date "2018.11.05"]
[Round "8"]
[White "Hernandez Lora, Miguel Angel"]
[Black "Paredes Ventura, Angel Luis"]
[Result "1/2-1/2"]
[WhiteElo "1751"]
[BlackElo "1642"]
[PlyCount "80"]
[EventDate "2018.11.02"]
[EventType "swiss"]
[EventRounds "8"]
[EventCountry "DOM"]
[SourceTitle "EXT 2021"]
[Source "ChessBase"]
[SourceDate "2020.10.23"]
[SourceVersion "1"]
[SourceVersionDate "2020.10.23"]
[SourceQuality "1"]

1. e4 e5 2. Nf3 Nf6 3. Nc3 Nc6 4. Bb5 d6 5. h3 Be7 6. 0-0 Bd7 7. a4 0-0 8. d3 Nd4 9. Nxd4 exd4 10. Bxd7 dxc3 11. Bb5 c6 12. Bc4 d5 13. exd5 cxd5 14. Bb3 Qa5 15. bxc3 Qxc3 16. Rb1 Qa5 17. Bb2 Rac8 18. Qf3 Kh8 19. Qf5 b6 20. g4 Qd2 21. Rbd1 Qh6 22. Kg2 Qh4 23. Be5 g6 24. Qf3 Kg8 25. Bg3 Qg5 26. Bf4 Qh4 27. Rfe1 Bd8 28. Bd6 Re8 29. Bg3 Qh6 30. Rxe8+ Nxe8 31. Bxd5 Qf8 32. Bb3 Be7 33. Be5 Nd6 34. d4 Nc4 35. Bf6 Bxf6 36. Qxf6 Nd6 37. c4 Nxc4 38. Bxc4 Rxc4 39. d5 Rc2 40. d6 Qd8 1/2-1/2

[Event "DOM-ch U20"]
[Site "Santo Domingo"]
[Date "2018.11.04"]
[Round "5"]
[White "Mesa Cruz, Juan Carlos"]
[Black "Paredes Ventura, Angel Luis"]
[Result "1-0"]
[WhiteElo "1766"]
[BlackElo "1642"]
[PlyCount "83"]
[EventDate "2018.11.02"]
[EventType "swiss"]
[EventRounds "8"]
[EventCountry "DOM"]
[SourceTitle "EXT 2021"]
[Source "ChessBase"]
[SourceDate "2020.10.23"]
[SourceVersion "1"]
[SourceVersionDate "2020.10.23"]
[SourceQuality "1"]

1. e4 d5 2. exd5 c6 3. dxc6 Nxc6 4. Nf3 e5 5. Bb5 Bc5 6. Nxe5 Qb6 7. Bxc6+ bxc6 8. Qf3 Nf6 9. 0-0 0-0 10. Nc3 Bd4 11. Nc4 Qc5 12. d3 Bg4 13. Qg3 Rfe8 14. Nd6 Be5 15. Nde4 Bxg3 16. Nxc5 Bc7 17. Be3 Ba5 18. h3 Bf5 19. Rfe1 Rab8 20. Nb3 Bxc3 21. bxc3 Rb7 22. Nd4 Bd7 23. Rab1 Reb8 24. Rb3 c5 25. Reb1 Rxb3 26. Rxb3 Rc8 27. Nb5 c4 28. dxc4 a6 29. Nd6 Rd8 30. Rb6 a5 31. Ra6 a4 32. Nb5 Ne4 33. Rxa4 Nxc3 34. Nxc3 Bxa4 35. Nxa4 Ra8 36. Nc3 Rb8 37. Nb5 Ra8 38. Ba7 Kf8 39. c5 Rc8 40. a4 Ke7 41. a5 Kd7 42. Bb6 1-0

[Event "DOM-ch U20"]
[Site "Santo Domingo"]
[Date "2018.11.03"]
[Round "3"]
[White "Urena de Leon, Frank Jorge"]
[Black "Paredes Ventura, Angel Luis"]
[Result "1/2-1/2"]
[WhiteElo "1650"]
[BlackElo "1642"]
[PlyCount "103"]
[EventDate "2018.11.02"]
[EventType "swiss"]
[EventRounds "8"]
[EventCountry "DOM"]
[SourceTitle "EXT 2021"]
[Source "ChessBase"]
[SourceDate "2020.10.23"]
[SourceVersion "1"]
[SourceVersionDate "2020.10.23"]
[SourceQuality "1"]

1. e4 e5 2. Nf3 Nf6 3. Nxe5 Qe7 4. d4 d6 5. Nf3 Nxe4 6. Be3 Nc6 7. Be2 Bd7 8. Nc3 Nxc3 9. bxc3 Qd8 10. 0-0 Be7 11. Rb1 b6 12. Re1 0-0 13. c4 Bf6 14. Qd2 Ne7 15. h3 Nf5 16. Bf4 Ba4 17. Bf1 Bc6 18. d5 Bd7 19. Rb3 Nh4 20. Nxh4 Bxh4 21. Bg3 Bxg3 22. Rxg3 Qf6 23. Ree3 Qh6 24. Qc3 g6 25. Re7 Rad8 26. Qf6 Qg7 27. Qg5 Rfe8 28. Rf3 Rxe7 29. Qxe7 Qf8 30. Rxf7 Qxe7 31. Rxe7 c5 32. dxc6 Bxc6 33. Rxa7 d5 34. cxd5 Bxd5 35. Bd3 Rc8 36. h4 Bc4 37. Be4 Re8 38. f3 Re5 39. Kf2 Rb5 40. Ke3 Bf7 41. Bd3 Rb4 42. Be4 h6 43. Ra8+ Kg7 44. Ra7 Kf6 45. a4 Be6 46. g3 h5 47. Ra6 Bc8 48. Ra8 Be6 49. Re8 Bd7 50. Rg8 Ke5 51. Rxg6 Rxe4+ 52. fxe4 1/2-1/2

[Event "DOM-ch U20"]
[Site "Santo Domingo"]
[Date "2018.11.02"]
[Round "1"]
[White "Colon Marcelo, Angel Yariel"]
[Black "Paredes Ventura, Angel Luis"]
[Result "1/2-1/2"]
[WhiteElo "1512"]
[BlackElo "1642"]
[PlyCount "36"]
[EventDate "2018.11.02"]
[EventType "swiss"]
[EventRounds "8"]
[EventCountry "DOM"]
[SourceTitle "EXT 2021"]
[Source "ChessBase"]
[SourceDate "2020.10.23"]
[SourceVersion "1"]
[SourceVersionDate "2020.10.23"]
[SourceQuality "1"]

1. c4 e5 2. Nc3 Nc6 3. g3 Nf6 4. Bg2 Bc5 5. d3 h6 6. Nf3 d5 7. cxd5 Nxd5 8. 0-0 Nf6 9. a3 Be6 10. b4 Bd6 11. Nb5 Be7 12. Bb2 a6 13. Nc3 0-0 14. Rc1 Qd7 15. Re1 Rfd8 16. Nd2 Bh3 17. Bh1 Rab8 18. Na4 Nd4 1/2-1/2

[Event "DOM-ch U20"]
[Site "Santo Domingo"]
[Date "2018.11.02"]
[Round "2"]
[White "Paredes Ventura, Angel Luis"]
[Black "Valdez Luna, Claudio"]
[Result "1-0"]
[WhiteElo "1642"]
[BlackElo "1596"]
[PlyCount "27"]
[EventDate "2018.11.02"]
[EventType "swiss"]
[EventRounds "8"]
[EventCountry "DOM"]
[SourceTitle "EXT 2021"]
[Source "ChessBase"]
[SourceDate "2020.10.23"]
[SourceVersion "1"]
[SourceVersionDate "2020.10.23"]
[SourceQuality "1"]

1. d4 Nf6 2. Nf3 g6 3. Nc3 Bg7 4. e4 d6 5. Bc4 0-0 6. 0-0 Nbd7 7. Bf4 Re8 8. Bxf7+ Kxf7 9. Ng5+ Kg8 10. Ne6 Nc5 11. Nxd8 Ncxe4 12. Nxe4 Nxe4 13. Qd3 Nf6 14. Nxb7 1-0

[Event "Santo Domingo De La Madre op"]
[Site "Santo Domingo"]
[Date "2018.05.26"]
[Round "5"]
[White "Paredes Ventura, Angel Luis"]
[Black "Nouel Leon, Juan Manuel"]
[Result "0-1"]
[WhiteElo "1684"]
[BlackElo "1808"]
[PlyCount "50"]
[EventDate "2018.05.18"]
[EventType "swiss"]
[EventRounds "8"]
[EventCountry "DOM"]
[SourceTitle "CBM 184 Extra"]
[Source "ChessBase"]
[SourceDate "2018.06.28"]
[SourceVersion "1"]
[SourceVersionDate "2018.06.28"]
[SourceQuality "1"]

1. e4 c5 2. d4 cxd4 3. c3 dxc3 4. Nxc3 Nc6 5. Bc4 e6 6. Nf3 Be7 7. 0-0 a6 8. Bf4 b5 9. Bxb5 axb5 10. Nxb5 d6 11. Bxd6 Bxd6 12. Qc2 Nge7 13. Rfd1 0-0 14. e5 Qb6 15. Nxd6 Nd5 16. a3 Nxe5 17. Nxe5 Qxd6 18. Nf3 Bb7 19. Ng5 g6 20. Qd2 Qf4 21. Nf3 Qxd2 22. Rxd2 Nf4 23. Ne1 Rfd8 24. Rad1 Rd5 25. Rxd5 Bxd5 0-1